Autoelektrika a autoelektronika /

Gespeichert in:
Bibliographische Detailangaben
Hauptverfasser: Šťastný, Jiří (Verfasst von), Remek, Branko (Verfasst von)
Format: Buch
Sprache:Tschechisch
Veröffentlicht: Praha : T.Malina, 1997
Ausgabe:3. vyd.
Tags: Tag hinzufügen
Keine Tags, Fügen Sie das erste Tag hinzu!

MARC

LEADER 00000nam a22000003a 4500
001 stu31858
005 20150617225736.7
008 970314s1997----xr------------------cze-d
020 |a 80-901975-4-X 
040 |a STU  |b slo 
041 0 |a cze 
044 |a xr 
080 |a 629.064  |7 stu_us_auth*stu3168 
100 1 |a Šťastný, Jiří  |4 aut 
245 1 |a Autoelektrika a autoelektronika /  |c [aut.] Šťastný,Jiří; Remek,Branko 
250 |a 3. vyd. 
260 |a Praha :  |b T.Malina,  |c 1997 
300 |a 276 s 
700 1 |a Remek, Branko  |4 aut 
996 |b J92697  |c J*92697  |l JJK9  |s P  |a 0  |w stu31858_0001 
996 |b J94017  |c J*94017  |l JJK4  |s P  |a 0  |w stu31858_0002